<?xml version="1.0" encoding="UTF-8"?>
<record
    xmlns:xsi="http://www.w3.org/2001/XMLSchema-instance"
    xsi:schemaLocation="http://www.loc.gov/MARC21/slim http://www.loc.gov/standards/marcxml/schema/MARC21slim.xsd"
    xmlns="http://www.loc.gov/MARC21/slim">

  <leader>03054nam a2200337uu 4500</leader>
  <controlfield tag="001">1539570</controlfield>
  <controlfield tag="005">20260508094041.0</controlfield>
  <controlfield tag="008">191211s2017                        spa  </controlfield>
  <datafield tag="020" ind1=" " ind2=" ">
    <subfield code="a">9788494690723</subfield>
  </datafield>
  <datafield tag="035" ind1=" " ind2=" ">
    <subfield code="a">1539570</subfield>
  </datafield>
  <datafield tag="040" ind1=" " ind2=" ">
    <subfield code="c">comduadb</subfield>
  </datafield>
  <datafield tag="041" ind1=" " ind2=" ">
    <subfield code="a">spa</subfield>
  </datafield>
  <datafield tag="080" ind1=" " ind2=" ">
    <subfield code="a">RG</subfield>
  </datafield>
  <datafield tag="100" ind1="1" ind2="0">
    <subfield code="a">Odent, Michel</subfield>
    <subfield code="4">aut</subfield>
    <subfield code="e">aut</subfield>
    <subfield code="9">313795</subfield>
  </datafield>
  <datafield tag="245" ind1="1" ind2="0">
    <subfield code="a">Sobrevivir a la medicina. &#xBF;Hasta cu&#xE1;ndo?</subfield>
  </datafield>
  <datafield tag="250" ind1=" " ind2=" ">
    <subfield code="a">1. edici&#xF3;n</subfield>
  </datafield>
  <datafield tag="260" ind1=" " ind2=" ">
    <subfield code="a">Tenerife (Espa&#xF1;a) :</subfield>
    <subfield code="b">Ob Stare,</subfield>
    <subfield code="c">2017.</subfield>
  </datafield>
  <datafield tag="300" ind1=" " ind2=" ">
    <subfield code="a">177 p&#xE1;ginas</subfield>
  </datafield>
  <datafield tag="505" ind1=" " ind2=" ">
    <subfield code="a">CONTENIDO: Cap&#xED;tulo 1. La neutralizaci&#xF3;n de las leyes de la selecci&#xF3;n natural. -- Cap&#xED;tulo 2. Un nuevo enfoque en la cr&#xED;tica de la medicina. -- Cap&#xED;tulo 3. Una pregunta absurda. -- Cap&#xED;tulo 4. Una pregunta sensata. -- Cap&#xED;tulo 5. Una pregunta sin sentido. -- Cap&#xED;tulo 6. Primalhealthresearch.com. -- Cap&#xED;tulo 7. Investigaci&#xF3;n y curiosidad cient&#xED;ficas. -- Cap&#xED;tulo 8. Tendiendo puentes entre las distintas perspectivas cient&#xED;ficas. -- Cap&#xED;tulo 9. Mientras tanto. -- Cap&#xED;tulo 10. El homo ludens desde la perspectiva de la investigaci&#xF3;n en salud primal. -- Cap&#xED;tulo 11. Al borde del precipicio. -- Cap&#xED;tulo 12. Los contrastes entre ciencia y tradici&#xF3;n. -- Cap&#xED;tulo 13. Parir&#xE1;s con dolor. -- Cap&#xED;tulo 14. La revoluci&#xF3;n simbi&#xF3;tica &#xBF;llegar&#xE1; a suceder?. -- Cap&#xED;tulo 15. El sexo de los &#xE1;ngeles.</subfield>
  </datafield>
  <datafield tag="520" ind1="3" ind2=" ">
    <subfield code="a">La neutralizaci&#xF3;n de las leyes de la selecci&#xF3;n natural es un hecho indiscutible, no una opini&#xF3;n. Mediante c&#xE1;lculos matem&#xE1;ticos relativamente simples podr&#xED;amos llegar a la conclusi&#xF3;n de que con la llegada de una medicina cada vez m&#xE1;s eficaz aumentar&#xE1; constantemente la proporci&#xF3;n de seres humanos cada vez m&#xE1;s dependientes de la medicina. &#xA1;Estamos llegando a una fase de la historia de la ciencia en la que ser&#xE1; te&#xF3;ricamente posible transformar una especie con modificaciones hereditarias del genoma! &#xBF;Debemos abrir la puerta a los "seres humanos gen&#xE9;ticamente modificados"? Es f&#xE1;cil prever el nacimiento de una nueva era de eugenismo. En este nuevo marco, no ser&#xE1;n las instituciones gubernamentales quienes tomen las decisiones, sino la propia familia. Dejando a un lado el sexo y la ausencia de enfermedades gen&#xE9;ticas, &#xBF;qu&#xE9; caracter&#xED;sticas van a ser las deseables por los progenitores? &#xBF;La inteligencia? &#xBF;El talento art&#xED;stico? &#xBF;La esperanza de vida? &#xBF;El tipo de cuerpo? &#xBF;La belleza? &#xBF;Podemos imaginar, por ejemplo, que llegue un momento en la historia en el que est&#xE9; de moda seleccionar a beb&#xE9;s portadores de genomas con una alta capacidad de empat&#xED;a? &#xA1;Estamos flirteando con la utop&#xED;a! Nada es m&#xE1;s poderoso que una idea a la que le ha llegado su hora.</subfield>
  </datafield>
  <datafield tag="650" ind1=" " ind2=" ">
    <subfield code="a">Salud primal</subfield>
    <subfield code="9">232128</subfield>
  </datafield>
  <datafield tag="650" ind1=" " ind2=" ">
    <subfield code="a">Nacimiento</subfield>
    <subfield code="9">125</subfield>
  </datafield>
  <datafield tag="650" ind1=" " ind2=" ">
    <subfield code="a">Parto - Aspectos psicol&#xF3;gicos</subfield>
    <subfield code="9">230326</subfield>
  </datafield>
  <datafield tag="650" ind1=" " ind2="7">
    <subfield code="a">Autismo</subfield>
    <subfield code="2"></subfield>
    <subfield code="9">5294</subfield>
  </datafield>
  <datafield tag="650" ind1=" " ind2="7">
    <subfield code="a">Obesidad</subfield>
    <subfield code="2">lemb</subfield>
    <subfield code="9">12710</subfield>
  </datafield>
  <datafield tag="650" ind1=" " ind2=" ">
    <subfield code="a">Parto - Aspectos hist&#xF3;ricos</subfield>
    <subfield code="9">232447</subfield>
  </datafield>
  <datafield tag="650" ind1=" " ind2=" ">
    <subfield code="a">Parto - Aspectos sociales</subfield>
    <subfield code="9">233043</subfield>
  </datafield>
  <datafield tag="700" ind1="1" ind2="0">
    <subfield code="a">Medina Roca, Joan</subfield>
    <subfield code="4">trl</subfield>
    <subfield code="e">trl</subfield>
    <subfield code="9">798088</subfield>
  </datafield>
  <datafield tag="700" ind1="1" ind2="0">
    <subfield code="a">Roca Riera, Rosa</subfield>
    <subfield code="4">trl</subfield>
    <subfield code="e">trl</subfield>
    <subfield code="9">797890</subfield>
  </datafield>
  <datafield tag="942" ind1=" " ind2=" ">
    <subfield code="c">BOOK</subfield>
  </datafield>
  <datafield tag="999" ind1=" " ind2=" ">
    <subfield code="c">809322</subfield>
    <subfield code="d">809322</subfield>
  </datafield>
  <datafield tag="952" ind1=" " ind2=" ">
    <subfield code="0">0</subfield>
    <subfield code="1">0</subfield>
    <subfield code="4">0</subfield>
    <subfield code="7">0</subfield>
    <subfield code="8">GENERAL</subfield>
    <subfield code="a">BR</subfield>
    <subfield code="b">BR</subfield>
    <subfield code="d">2019-12-11</subfield>
    <subfield code="e">Buscalibre</subfield>
    <subfield code="g">69900.00</subfield>
    <subfield code="i">C1325135</subfield>
    <subfield code="l">2</subfield>
    <subfield code="m">1</subfield>
    <subfield code="o">RG651 O3</subfield>
    <subfield code="p">01087434</subfield>
    <subfield code="r">2024-06-05 00:00:00</subfield>
    <subfield code="s">2024-06-01</subfield>
    <subfield code="t">1</subfield>
    <subfield code="w">2023-05-04</subfield>
    <subfield code="y">BOOK</subfield>
  </datafield>
  <datafield tag="952" ind1=" " ind2=" ">
    <subfield code="0">0</subfield>
    <subfield code="1">0</subfield>
    <subfield code="2">ddc</subfield>
    <subfield code="4">0</subfield>
    <subfield code="7">0</subfield>
    <subfield code="8">GENERAL</subfield>
    <subfield code="a">BR</subfield>
    <subfield code="b">BR</subfield>
    <subfield code="d">2019-12-11</subfield>
    <subfield code="e">Buscalibre</subfield>
    <subfield code="g">69900.00</subfield>
    <subfield code="i">C1325136</subfield>
    <subfield code="l">0</subfield>
    <subfield code="o">RG651 O3 e2</subfield>
    <subfield code="p">01087437</subfield>
    <subfield code="r">2023-05-04 00:00:00</subfield>
    <subfield code="t">2</subfield>
    <subfield code="w">2023-05-04</subfield>
    <subfield code="y">BOOK</subfield>
  </datafield>
</record>
